00300 a2200121 4500020001800000050002000018100002700038245003100065264003000096300001400126500001800140650002000158 a978077830139400aPZ90.3 BAN 2006 a Banks, Leanneeauthor10aFeet first /cLeanne Banks aRichmond : bMira, c2006 a379pg . : aCompact disc. 0aBluegrass music